LIBRARY & INFORMATION CENTRE, KCAET, TAVANUR

ONLINE PUBLIC ACCESS CATALOGUE (OPAC)

Engineering mathematics, Vol 1 / (Record no. 9696)

MARC details
000 -LEADER
fixed length control field 01104cam a2200469ua 4500
041 ## - LANGUAGE CODE
Language code of text/sound track or separate title eng
082 ## - DEWEY DECIMAL CLASSIFICATION NUMBER
Classification number 519.062
Item number VEN/EN
100 ## - MAIN ENTRY--AUTHOR NAME
Personal name Venkataraman, M K .
245 ## - TITLE STATEMENT
Title Engineering mathematics, Vol 1 /
250 ## - EDITION STATEMENT
Edition statement 3 /
260 ## - PUBLICATION, DISTRIBUTION, ETC. (IMPRINT)
Place of publication Chennai :
Name of publisher The National Publishing Co ,
Year of publication 1993.
300 ## - PHYSICAL DESCRIPTION
Number of Pages 544.
942 ## - ADDED ENTRY ELEMENTS (KOHA)
Koha item type Books
Holdings
Withdrawn status Lost status Damaged status Home library Current library Date acquired Full call number Accession Number Koha item type Cost, normal purchase price
      KAUAET KAUAET 09/10/1986 519.062 15844 Books  
Withdrawn     KAUAET KAUAET 07/04/2012 519.062 7784 Books 10.00
      KAUAET KAUAET 09/10/1986 519.062 15838 Books  
      KAUAET KAUAET 09/10/1986 519.062 15839 Books  
      KAUAET KAUAET 09/10/1986 519.062 15850 Books  
Withdrawn     KAUAET KAUAET 09/10/1986 519.062 15853 Books  
      KAUAET KAUAET 09/10/1986 519.062 15854 Books  
      KAUAET KAUAET 09/10/1986 519.062 15841 Books  
Withdrawn     KAUAET KAUAET 07/04/2012 519.062 7786 Books 8.50
Withdrawn     KAUAET KAUAET 07/04/2012 519.062 7782 Books 5.00
      KAUAET KAUAET 09/10/1986 519.062 15835 Books  
      KAUAET KAUAET 09/10/1986 519.062 15849 Books  
      KAUAET KAUAET 09/10/1986 519.062 15840 Books  
      KAUAET KAUAET 09/10/1986 519.062 15842 Books  
      KAUAET KAUAET 09/10/1986 519.062 15832 Books  
      KAUAET KAUAET 09/10/1986 519.062 15848 Books  
      KAUAET KAUAET 09/10/1986 519.062 15856 Books  
      KAUAET KAUAET 09/10/1986 519.062 15851 Books  
Withdrawn   Damaged KAUAET KAUAET 09/10/1986 519.062 15843 Books  
Withdrawn     KAUAET KAUAET 09/10/1986 519.062 15836 Books  
    Damaged KAUAET KAUAET 09/10/1986 519.062 15833 Books  
      KAUAET KAUAET 09/10/1986 519.062 15847 Books  
      KAUAET KAUAET 09/10/1986 519.062 15845 Books  
      KAUAET KAUAET 09/10/1986 519.062 15852 Books  
    Damaged KAUAET KAUAET 09/10/1986 519.062 15855 Books  
Withdrawn     KAUAET KAUAET 21/01/2025 519.062 VEN/EN 15834 Books 35.00
Withdrawn     KAUAET KAUAET 21/01/2025 519.062 VEN/EN 15837 Books 35.00
free website counter